| 000 | 00804nam a2200229Ia 4500 | ||
|---|---|---|---|
| 008 | 130821s2001 sp gr spa | ||
| 020 | _a8474327938 | ||
| 040 |
_aCo-BoUCM _bspa |
||
| 041 | 0 | 0 | _aspa |
| 100 | 1 |
_aNeave, Guy _942226 |
|
| 245 | 1 | 0 |
_aEducación superior Historia y política. Estudios comparativos sobre la universidad contemporánea _cGuy Neave, Alcira Bixio; traductor |
| 260 |
_aBarcelona (España) _bGedisa _c2001 |
||
| 300 | _a366 páginas | ||
| 490 | _aBiblioteca de educación; 2 | ||
| 504 | _aIncluye bibliografía | ||
| 650 | 0 | 4 |
_aEducación superior _9177 |
| 650 | 0 | 4 |
_aEducación superior _xHistoria _956944 |
| 650 | 0 | 4 |
_aUniversidades _925978 |
| 700 | 1 |
_aBIXIO, Alcira; Trad. _9158667 |
|
| 942 |
_cLIBRO _a1 _e1 _mN357E _2DEWEY _h378 |
||
| 999 |
_c34034 _d34034 |
||